01341nam a22003137a 4500003000400000005001700004008004100021040002200062082001600084110002600100245011900126260004000245300001800285490000600303505001400309505004400323505001800367505016700385505003300552505008300585505001300668650004100681650004400722650004800766650004500814942002700859999001500886952012600901OSt20230726151000.0220929b |||||||| |||| 00| 0 eng d cBiblioteca Lado V a306.4bI61k 9933aINTERARTSeautor aKARIS/bPublicación Bimestral de INTERARTS, Observatorio Europeo de Políticas culturales urbanas y Regionales/ aBarcelonabMälmo Municipalyc1998 a42p.c41x30cm a6 aEditorial aProyecto INCLUDE: Cultura y ocupación aINTERARTS´98 aDossier: América LatinatCooperación Cultural internacional y espacio euroamericano Diatriba de amor Programa URB-AL Entrevista a Nestor García Canclini  aMonsieur Oreja vous écoute aNuevos modelos de apoyo europeo a la cooperación artística transfronteriza aNoticias 2Tesauro de Arte & ArquitecturaaARTE 2Tesauro de Arte & ArquitecturaaCULTURA 2Tesauro de Arte & ArquitecturaaOCUPACIÓN 2Tesauro de Arte & ArquitecturaaNOTICIAS 2ddcc1h306.4iI61kn0 c4119d4119 00102ddc3199840708RevistasaLVbLVd2023-07-26h6i003429l0o306.4 I61kp003429r2023-07-26 00:00:00w2023-07-26y1